LDR 01263nam a2200301 i 4500 001 000000038938 003 CaOOAMICUS 005 20260313143131.0 008 140827s1988 it u000 u ita u 013 $a9558 020 $a88-263-0568-2 040 $aSeMil$bita 240 10$aProverbios.$0(OLS)http://semarc/title/55196 245 12$aI Proverbi /$ctraduzione e commento di L. Alonso Schökel e J. Vilchez Líndez. 260 $aRoma :$bBorla,$c1988. 300 $a638 p. ;$c24 cm. 490 0 $aCommenti biblici [Borla] 650 4$aBibbia. Antico Testamento. Proverbi - Commentari, studi, critica, interpretazioni.$0(OLS)http://semarc/subject/13566 700 1 $aAlonso Schökel, Luis,$c
.$0(OLS)http://semarc/name/1443 700 1 $aVilchez Líndez, José,$c
.$0(OLS)http://semarc/name/18645 830 0$aCommenti biblici
.$0(OLS)http://semarc/title/458541 850 $aSeMil 852 $aSeMil$W1$xVenegono$y1$m2YA Y 21$j268480$B5093$CSeMilBibl$Z2$F5093 $81 961 $aAcquisto: Distributore 996 $6020$a88-263-0568-2$9(OLS)http://semarc/number/8416 996 $6245$aI Proverbi$9(OLS)http://semarc/title/55195 996 $6260$aRoma :$bBorla$9(OLS)http://semarc/publisher/29677